Normal view
MARC view
- الالتزام بالعقد-قانون
Entry Topical Term
001 - CONTROL NUMBER
- control field: 61791
003 - CONTROL NUMBER IDENTIFIER
- control field: JO-AjAnu
005 - DATE AND TIME OF LATEST TRANSACTION
- control field: 20230606084108.0
008 - FIXED-LENGTH DATA ELEMENTS
- fixed length control field: 230606|| aca||aabn | a|a d
040 ## - CATALOGING SOURCE
- Original cataloging agency: JO-AjAnu
- Transcribing agency: JO-AjAnu
150 ## - HEADING--TOPICAL TERM
- Topical term or geographic name entry element: الالتزام بالعقد-قانون
670 ## - SOURCE DATA FOUND
- Source citation: Work cat.: (JO-AjAnu)31516: حسن، ماجد مجباس, author 61790, تنفيذ الالتزام العقدي على حساب المدين: دراسة مقارنة